[Event "IX Festival Magistrale"]
[Site "Celle Ligure ITA"]
[Date "1993.04.??"]
[Round "?"]
[White "Drei, Andrea"]
[Black "Duarte, Riccardo"]
[Result "1-0"]
[WhiteElo "2270"]
[BlackElo "1915"]
[PlyCount "69"]
[EventDate "1993.04.03"]

1. e4 e5 2. Nf3 Nc6 3. Bb5 a6 4. Ba4 Nf6 5. O-O Be7 6. Re1 b5 7. Bb3 d6 8. c3
Bg4 9. a4 O-O 10. d3 Qd7 11. Nbd2 b4 12. Nf1 bxc3 13. bxc3 Na5 14. Ba2 Rab8 15.
Ne3 Bxf3 16. Qxf3 Nb3 17. Bxb3 Rxb3 18. Nf5 Rfb8 19. Bg5 Rxc3 20. Re3 Kf8 21.
Qh3 Rcb3 22. Bxf6 Bxf6 23. Qxh7 g6 24. Nh6 Qe6 25. h4 Ke7 26. Ng8+ Kf8 27. Rf3
Bg7 28. h5 f6 29. Nxf6 Bxf6 30. hxg6 Ke8 31. Rxf6 Qxf6 32. g7 Rb1+ 33. Kh2 Qf4+
34. Kh3 Kd7 35. g8=Q+ 1-0

[Event "IX Festival Magistrale"]
[Site "Celle Ligure ITA"]
[Date "1993.04.??"]
[Round "?"]
[White "Naumkin, Igor"]
[Black "Brancaleoni, Maurizio"]
[WhiteElo "2460"]
[BlackElo "2190"]
[Result "0-1"]
[PlyCount "84"]
[EventDate "1993.04.03"]

1. d4 d5 2. c4 c6 3. cxd5 cxd5 4. Nc3 Nf6 5. Nf3 Nc6 6. Bf4 a6 7. e3 Bg4 8. h3
Bxf3 9. Qxf3 e6 10. Bd3 Bd6 11. Bg5 Nb4 12. Bb1 Rc8 13. O-O Be7 14. a3 Nc6 15.
Rd1 O-O 16. Bf4 Na5 17. e4 Nc4 18. e5 Nd7 19. Bc1 f5 20. Ne2 g5 21. b3 Na5 22.
Rd3 Rf7 23. Bd2 Nc6 24. Ng3 Qb6 25. Ne2 Rg7 26. g4 f4 27. h4 Ndxe5 28. dxe5
Nxe5 29. Qh3 Nxg4 30. Qxg4 gxh4 31. Qxg7+ Kxg7 32. Nxf4 Rg8 33. Kf1 Rf8 34. Ra2
e5 35. Be3 d4 36. Nd5 Qc6 37. Bxd4 exd4 38. Re2 Qxd5 39. Rxe7+ Kf6 40. Re1 Qh1+
41. Ke2 Re8+ 42. Re3 Qxe1+ 0-1

[Event "IX Festival Magistrale"]
[Site "Celle Ligure ITA"]
[Date "1993.04.??"]
[Round "?"]
[White "Tedeschi, Luciano"]
[Black "Naumkin, Igor"]
[WhiteElo "1776"]
[BlackElo "2460"]
[Result "0-1"]
[PlyCount "68"]
[EventDate "1993.04.03"]

1. d4 e6 2. c4 f5 3. g3 Nf6 4. Nc3 Bb4 5. e3 Bxc3+ 6. bxc3 O-O 7. Bg2 d6 8. Nf3
Qe8 9. Qb3 c5 10. O-O Nc6 11. Nd2 b6 12. Qd1 e5 13. e4 cxd4 14. cxd4 Nxd4 15.
exf5 Bxf5 16. Bb2 Bc2 17. Qe1 Bd3 18. Bxd4 Bxf1 19. Qxf1 exd4 20. Bxa8 Qxa8 21.
Qd3 Ng4 22. Rf1 Rxf2 23. Rxf2 Qh1+ 24. Kxh1 Nxf2+ 25. Kg2 Nxd3 26. Ne4 Nb2 27.
Nd2 Kf7 28. Kf3 Ke6 29. Kf4 d5 30. cxd5+ Kxd5 31. g4 Nc4 32. Ne4 b5 33. h4 b4
34. h5 d3 0-1